Dizajnovanie cross-sellových obchodných príležitostí v poisťovníctve diplomová práca

Guardado en:
Detalles Bibliográficos
Autor principal: Töröková, Daniela
Autor Corporativo: Národohospodárska fakulta EU. Katedra poisťovníctva
Otros Autores: Pastoráková, Erika, 1972-
Formato: Libro
Lenguaje:eslovaco
Publicado: Bratislava 2010
Etiquetas: Agregar Etiqueta
Sin Etiquetas, Sea el primero en etiquetar este registro!

MARC

LEADER 00000nam$a2200000$$$4500
001 0118436
005 20240318121936.1
041 0 |a slo 
044 |a SK 
245 1 0 |a Dizajnovanie cross-sellových obchodných príležitostí v poisťovníctve  |b diplomová práca  |c Daniela Töröková ; škol. Erika Pastoráková 
264 1 |a Bratislava  |c 2010 
300 |a 71 s. 
100 1 |a Töröková, Daniela 
700 1 |a Pastoráková, Erika, 1972- 
710 2 |a Národohospodárska fakulta EU. Katedra poisťovníctva